MARC details
| 000 -CABECERA |
| campo de control de longitud fija |
01104cam a2200325 a 4500 |
| 001 - NÚMERO DE CONTROL |
| campo de control |
000013202 |
| 003 - IDENTIFICADOR DEL NÚMERO DE CONTROL |
| campo de control |
UkOxU |
| 005 - FECHA Y HORA DE LA ÚLTIMA TRANSACCIÓN |
| campo de control |
20240521134623.0 |
| 008 - DATOS DE LONGITUD FIJA--INFORMACIÓN GENERAL |
| campo de control de longitud fija |
800813s1973 ve a b 001 0 spa d |
| 040 ## - FUENTE DE LA CATALOGACIÓN |
| Centro catalogador/agencia de origen |
DO-SdBNP |
| Lengua de catalogación |
spa |
| Centro/agencia transcriptor |
LC |
| Centro/agencia modificador |
BNPHU |
| 082 ## - NÚMERO DE LA CLASIFICACIÓN DECIMAL DEWEY |
| Número de clasificación |
333.7 |
| Número de documento/Ítem |
F981c |
| 049 ## - FONDOS LOCALES (OCLC) |
| Fondos de biblioteca |
BNGR |
| 245 00 - MENCIÓN DE TÍTULO |
| Título |
Fundamentos sobre conservación de nuestra naturaleza / |
| Mención de responsabilidad, etc. |
Pedro Segnini La Cruz ... [et al.]. |
| 260 ## - PUBLICACIÓN, DISTRIBUCIÓN, ETC. |
| Lugar de publicación, distribución, etc. |
Caracas : |
| Nombre del editor, distribuidor, etc. |
Monte Avila, |
| Fecha de publicación, distribución, etc. |
1973. |
| 300 ## - DESCRIPCIÓN FÍSICA |
| Extensión |
1 v. : |
| Otras características físicas |
il. ; |
| Dimensiones |
16 cm. |
| 490 1# - MENCIÓN DE SERIE |
| Mención de serie |
Científica, |
| Designación de volumen o secuencia |
34 |
| 504 ## - NOTA DE BIBLIOGRAFÍA, ETC. |
| Nota de bibliografía, etc. |
Incluye referencias bibliográficas. |
| 650 #4 - PUNTO DE ACCESO ADICIONAL DE MATERIA--TÉRMINO DE MATERIA |
| Término de materia o nombre geográfico como elemento de entrada |
Medio ambiente |
| Subdivisión geográfica |
Venezuela. |
| 9 (RLIN) |
30283 |
| 650 #4 - PUNTO DE ACCESO ADICIONAL DE MATERIA--TÉRMINO DE MATERIA |
| Término de materia o nombre geográfico como elemento de entrada |
Protección del medio ambiente |
| Subdivisión geográfica |
Venezuela. |
| 9 (RLIN) |
30284 |
| 650 #0 - PUNTO DE ACCESO ADICIONAL DE MATERIA--TÉRMINO DE MATERIA |
| Término de materia o nombre geográfico como elemento de entrada |
Política ambiental |
| 9 (RLIN) |
7280 |
| 700 1# - PUNTO DE ACCESO ADICIONAL--NOMBRE DE PERSONA |
| Nombre de persona |
Segnini La Cruz, Pedro. |
| 9 (RLIN) |
30285 |
| 700 1# - PUNTO DE ACCESO ADICIONAL--NOMBRE DE PERSONA |
| Nombre de persona |
Lasse, Tobias. |
| 9 (RLIN) |
30286 |
| 700 1# - PUNTO DE ACCESO ADICIONAL--NOMBRE DE PERSONA |
| Nombre de persona |
Aristeguieta, Leandro. |
| 9 (RLIN) |
30287 |
| 700 1# - PUNTO DE ACCESO ADICIONAL--NOMBRE DE PERSONA |
| Nombre de persona |
Foldats, Ernesto. |
| 9 (RLIN) |
30288 |
| 700 1# - PUNTO DE ACCESO ADICIONAL--NOMBRE DE PERSONA |
| Nombre de persona |
Blohm, Tomas. |
| 9 (RLIN) |
30289 |
| 700 1# - PUNTO DE ACCESO ADICIONAL--NOMBRE DE PERSONA |
| Nombre de persona |
Sequera T., Pedro Elias. |
| 9 (RLIN) |
30290 |
| 700 1# - PUNTO DE ACCESO ADICIONAL--NOMBRE DE PERSONA |
| Nombre de persona |
Bellard Pietri, Eugenio de. |
| 9 (RLIN) |
30291 |
| 830 #0 - PUNTO DE ACCESO ADICIONAL DE SERIE-TÍTULO UNIFORME |
| Título uniforme |
Científica, |
| Designación de volumen o secuencia |
34 |
| 9 (RLIN) |
25797 |
| 910 ## - DATOS DE OPCIÓN DEL USUARIO (OCLC) |
| Datos de opción del usuario |
Catalogación por copia / Oxford |